000 00523nam a2200181Ia 4500
003 GCL
008 140319s9999 xx 000 0 ara d
040 _aGCL /
_cGCL
082 0 4 _aط
_b031
_bح م
100 1 _aاحمد شفيق الخطيب
245 1 0 _aموسوعة التعريفات المصورة /
_cاحمد شفيق الخطيب
260 _a[S.N] :
_bمكتبة لبنان ،
_c1991
300 _a223 ص
490 _a
650 0 4 _aدوائر المعارف
650 0 4 _aالاطفال
942 _2ddc
_cBK
999 _c32725
_d32725